00633cam a22002411 4500001001300000003000400013005001700017008004100034010001700075035002000092040001800112042001200130050001700142100004300159245001300202260001100215300003500226500001600261650002800277700003700305700003200342999001700374sa 68015088 DLC20260227112640.0900202s1967 ii c 000 1 kano  asa 68015088  a(OCoLC)20992910 aDLCcWaUdDLC apremarc00aPL4658b.R331 aRaṅganāthan, Mākvinakere,d1943-10aDiganta. c[1967] axiv, [9]-783 p.bport.c23 cm. aIn Kannada. 0aShort stories, Kannada.1 aCaḍaga, Sūryanārāyaṇa.1 aBallal, N. Narayana,d1937- c86221d86221